[Event "Nordkalotten Rapid Gr-2"]
[Site "Gilleleje"]
[Date "2022.11.06"]
[Round "1"]
[White "Fischer, Bent Bolvinkel"]
[Black "Ramkilde, Mikael"]
[Result "0-1"]
[WhiteElo "1898"]
[BlackElo "1871"]
[PlyCount "84"]
[EventDate "2022.11.06"]
[EventType "tourn (rapid)"]
[EventRounds "7"]
[EventCountry "DEN"]
[SourceTitle "EXT 2024"]
[Source "ChessBase"]
[SourceDate "2023.10.10"]
[SourceVersion "1"]
[SourceVersionDate "2023.10.10"]
[SourceQuality "1"]

1. e4 d6 2. d4 Nf6 3. Nc3 g6 4. Be3 c6 5. a4 a5 6. h3 Qc7 7. Bc4 Bg7 8. Nf3 0-0 9. 0-0 Nbd7 10. Qe2 e5 11. dxe5 dxe5 12. Rad1 b6 13. Rd2 Bb7 14. Rfd1 Nc5 15. Bxc5 bxc5 16. b3 Bc8 17. Kh2 Nd7 18. Qe3 Nb6 19. Qxc5 Nxc4 20. Qxc4 Be6 21. Qc5 Rac8 22. Rd3 Rfe8 23. Nb1 f6 24. Qe3 f5 25. Kh1 f4 26. Qe2 h6 27. Rd6 Bf8 28. R6d3 Qg7 29. R3d2 g5 30. Qa6 h5 31. Qxa5 Bf7 32. Rd7 g4 33. Nh4 f3 34. Nf5 Qg6 35. Nd6 gxh3 36. g3 h4 37. Nxf7 hxg3 38. Nxe5 g2+ 39. Kh2 Qg5 40. Nxf3 Qxa5 41. R1d3 Rxe4 42. Nd4 Qe5+ 0-1

[Event "Odysseus Spring A"]
[Site "Soborg"]
[Date "2009.05.14"]
[Round "5"]
[White "Fischer, Bent Bolvinkel"]
[Black "Olsen, Casper"]
[Result "0-1"]
[WhiteElo "1775"]
[BlackElo "1979"]
[PlyCount "88"]
[EventDate "2009.04.16"]
[EventType "tourn"]
[EventRounds "5"]
[EventCountry "DEN"]
[SourceTitle "EXT 2023"]
[Source "ChessBase"]
[SourceDate "2022.10.05"]
[SourceVersion "1"]
[SourceVersionDate "2022.10.05"]
[SourceQuality "1"]

1. d4 Nf6 2. Nf3 g6 3. Bf4 Bg7 4. e3 0-0 5. Be2 d6 6. h3 c5 7. c3 Nbd7 8. 0-0 a6 9. a4 b6 10. Nbd2 Bb7 11. Qb3 Qc7 12. Bh2 Bc6 13. Ra3 Qb7 14. Qc2 Rfc8 15. Re1 Ne4 16. Bf1 b5 17. axb5 axb5 18. Rea1 Rxa3 19. Rxa3 Nxd2 20. Nxd2 cxd4 21. exd4 Bd5 22. Qd3 b4 23. Ra5 bxc3 24. bxc3 Be6 25. g4 Qc7 26. Ra3 Nb6 27. Bg3 Nc4 28. Nxc4 Bxc4 29. Qe3 Bxf1 30. Kxf1 Qb7 31. Kg1 e5 32. dxe5 dxe5 33. Ra7 Qd5 34. Re7 Ra8 35. Qe1 f6 36. Rc7 Bf8 37. c4 Qd4 38. Kh2 Ra1 39. Qe2 Qb6 40. Bxe5 fxe5 41. Rc8 Qb1 42. Kg3 Ra3+ 43. Kh4 g5+ 44. Kh5 Qg6# 0-1

[Event "Odysseus Spring A"]
[Site "Soborg"]
[Date "2009.04.16"]
[Round "1"]
[White "Fischer, Bent Bolvinkel"]
[Black "Marshall, Michael"]
[Result "0-1"]
[WhiteElo "1775"]
[BlackElo "1822"]
[PlyCount "110"]
[EventDate "2009.04.16"]
[EventType "tourn"]
[EventRounds "5"]
[EventCountry "DEN"]
[SourceTitle "EXT 2023"]
[Source "ChessBase"]
[SourceDate "2022.10.05"]
[SourceVersion "1"]
[SourceVersionDate "2022.10.05"]
[SourceQuality "1"]

1. d4 Nf6 2. Nf3 c5 3. c3 e6 4. Bf4 Nc6 5. e3 cxd4 6. exd4 Be7 7. Bd3 0-0 8. 0-0 b6 9. Nbd2 Bb7 10. Qc2 Rc8 11. a3 a6 12. Ne4 Nxe4 13. Bxe4 f5 14. Bd3 g5 15. Be3 Bf6 16. Qb3 Na5 17. Qd1 Nc4 18. Bc1 Qe8 19. Bxc4 Rxc4 20. Nxg5 Bxg5 21. Qe2 Bxc1 22. Qxc4 Qg6 23. f3 Be3+ 24. Kh1 Qh6 25. g3 Rc8 26. Qb4 b5 27. Kg2 Qg6 28. Qe7 Bc6 29. d5 Bg5 30. Qd6 Bxd5 31. Qxd7 Rd8 32. Qc7 f4 33. Qb6 fxg3 34. hxg3 Rf8 35. Rf2 Qd3 36. Qd4 Rxf3 37. Qxd3 Rxd3+ 38. Kh2 Rd2 39. Rxd2 Bxd2 40. Rd1 Bg5 41. Rd4 Bc1 42. a4 Bxb2 43. axb5 axb5 44. Rb4 Bxc3 45. Rxb5 Kg7 46. Rb8 h5 47. Rb1 Be5 48. Kh3 Kg6 49. Rf1 Bf6 50. Rf4 e5 51. Ra4 e4 52. Ra5 e3 53. Ra3 Bd4 54. Ra6+ Kf5 55. Ra5 Ke5 0-1

[Event "Bagsvard GSF 75 Years-C"]
[Site "Bagsvard"]
[Date "2008.05.27"]
[Round "6"]
[White "Fischer, Bent Bolvinkel"]
[Black "Varming, Thomas"]
[Result "1/2-1/2"]
[WhiteElo "1628"]
[BlackElo "1723"]
[PlyCount "25"]
[EventDate "2008.04.15"]
[EventType "tourn"]
[EventRounds "7"]
[EventCountry "DEN"]
[SourceTitle "EXT 2023"]
[Source "ChessBase"]
[SourceDate "2022.10.05"]
[SourceVersion "1"]
[SourceVersionDate "2022.10.05"]
[SourceQuality "1"]

1. e4 d5 2. exd5 Nf6 3. Bb5+ Nbd7 4. Nc3 a6 5. Be2 Nb6 6. d4 Nbxd5 7. Nxd5 Nxd5 8. Nf3 Bf5 9. a3 e6 10. 0-0 c6 11. c4 Nf6 12. Bf4 Bd6 13. Bxd6 1/2-1/2

[Event "Odysseus Autumn C"]
[Site "Soborg"]
[Date "2003.10.09"]
[Round "5"]
[White "Jensen, Jerry Moller"]
[Black "Fischer, Bent Bolvinkel"]
[Result "1-0"]
[WhiteElo "1499"]
[BlackElo "1621"]
[PlyCount "61"]
[EventDate "2003.09.11"]
[EventType "tourn"]
[EventRounds "5"]
[EventCountry "DEN"]
[SourceTitle "EXT 2023"]
[Source "ChessBase"]
[SourceDate "2022.10.05"]
[SourceVersion "1"]
[SourceVersionDate "2022.10.05"]
[SourceQuality "1"]

1. e4 c6 2. d4 d5 3. Nc3 dxe4 4. f3 Nf6 5. fxe4 Bg4 6. Be2 Bxe2 7. Ngxe2 e6 8. 0-0 Be7 9. Nf4 Nbd7 10. e5 Nd5 11. Ncxd5 cxd5 12. Nxe6 fxe6 13. Qf3 Nf6 14. exf6 Bxf6 15. c3 0-0 16. Qg4 Qb6 17. Kh1 Rae8 18. Bh6 Re7 19. Rae1 Qa6 20. Rf3 Rff7 21. Ref1 e5 22. dxe5 Rxe5 23. Bxg7 Rg5 24. Qxg5 Bxg5 25. Rxf7 Qe2 26. Bd4 Bh6 27. R7f3 Qe7 28. Rg3+ Bg5 29. Bf6 Qe2 30. Rxg5+ Kf7 31. Rgf5 1-0

[Event "Odysseus Autumn C"]
[Site "Soborg"]
[Date "2003.09.18"]
[Round "2"]
[White "Fischer, Bent Bolvinkel"]
[Black "Larsen, Alex"]
[Result "1-0"]
[WhiteElo "1621"]
[BlackElo "1236"]
[PlyCount "63"]
[EventDate "2003.09.11"]
[EventType "tourn"]
[EventRounds "5"]
[EventCountry "DEN"]
[SourceTitle "EXT 2023"]
[Source "ChessBase"]
[SourceDate "2022.10.05"]
[SourceVersion "1"]
[SourceVersionDate "2022.10.05"]
[SourceQuality "1"]

1. e4 c5 2. Nc3 e6 3. Nf3 Nc6 4. g3 Nf6 5. d3 Be7 6. Bg2 d6 7. 0-0 e5 8. h3 Be6 9. Ng5 Bd7 10. f4 h6 11. Nf3 a6 12. a4 Qc7 13. Be3 Nh5 14. Nd5 Qd8 15. Kh2 Nf6 16. Nxe7 Qxe7 17. c3 b6 18. Nd2 exf4 19. gxf4 Nh7 20. Qe1 0-0-0 21. Nc4 Kc7 22. b4 Rb8 23. a5 b5 24. Nb6 Rxb6 25. axb6+ Kxb6 26. Qf2 Be6 27. e5 Qd7 28. exd6 g5 29. Bxc5+ Kb7 30. f5 Bb3 31. Rfe1 Kb8 32. Rxa6 1-0